Online Catalogue and eLibrary

Aryans and British India / (Record no. 282)

MARC details
000 -LEADER
fixed length control field 00646cam a2200205 a 4500
001 - CONTROL NUMBER
control field 4472110
005 - DATE AND TIME OF LATEST TRANSACTION
control field 20240202050725.0
008 - FIXED-LENGTH DATA ELEMENTS--GENERAL INFORMATION
fixed length control field 960809s1997 cauab b 001 0 eng
020 ## - INTERNATIONAL STANDARD BOOK NUMBER
ISBN 0520205464 (alk. paper)
040 ## - CATALOGING SOURCE (பட்டியலாக்க மூலம்)
Original cataloging agency DLC
Transcribing agency DLC
Modifying agency DLC
082 00 - DDC Classification
Class No. 954.03/1
DDC Edition Number 20
Item Number - Author Mark THO
100 1# - MAIN ENTRY--PERSONAL NAME
Personal name Trautmann, Thomas R.
245 10 - TITLE STATEMENT
Title Aryans and British India /
Statement of responsibility, etc. Thomas R. Trautmann.
260 ## - PUBLICATION, DISTRIBUTION, ETC.
Place of publication, distribution, etc. Berkeley :
Name of publisher, distributor, etc. University of California Press,
Date of publication, distribution, etc. 1997.
300 ## - PHYSICAL DESCRIPTION
Extent (e.g. Volumes, Pages etc.) xx, 260 p. :
650 #0 - SUBJECT ADDED ENTRY--TOPICAL TERM
Topical term or geographic name entry element Indo-Aryans
856 42 - ELECTRONIC LOCATION AND ACCESS
Uniform Resource Identifier <a href="http://www.loc.gov/catdir/bios/ucal051/96034953.html">http://www.loc.gov/catdir/bios/ucal051/96034953.html</a>
856 42 - ELECTRONIC LOCATION AND ACCESS
Uniform Resource Identifier <a href="http://www.loc.gov/catdir/description/ucal041/96034953.html">http://www.loc.gov/catdir/description/ucal041/96034953.html</a>
942 ## - Koha item type (Biblio)
Koha item type Books in Stacks (Lending)
Holdings
Lost status Damaged status Collection code Home library Current library Date acquired Full call number Accession Number Item type
    Lending WERC Library WERC Library 02/02/2024 954.03/1 THO 2511 Books in Stacks (Lending)

© WERC Library